000 00296nam a22001337a 4500
008 170424b xxu||||| |||| 00| 0 eng d
020 _a0471175609
041 _aeng
080 _23RD
_a547
100 _a12
101 _aSHM
245 _aADVANCED INORGANIC CHEMISTRY
_cCOTTON
942 _2udc
_cBK
999 _c11760
_d11760